LDR 00741naa#a2200193#i#450# 001 EN\\bibl\121315 005 20260516100743.6 011 ## _a1994-4683 100 ## _a20230803b2023####ek#y0engy0150####ca 102 ## _aRU 200 1# _aSOCIAL ACTIVITY DEVELOPMENT OF HIGH SCHOOL STUDENTS AS A PSYCHOLOGICAL AND PEDAGOGICAL PROBLEM _eJournal article 210 1# _aMoscow _cNational State University of Physical Education, Sports and Health named after P.F. Lesgaft _d2023 215 ## _a3 с. 608 ## _aJournal article _2local 675 ## _aОбщая теория воспитания и обучения. Отдельные направления педагогики. 37.013 _z 700 #1 _a _g 700 #1 _a _g 700 #1 _a _g 856 4# _auchzapiski.lesgaft.spb.ru _u